00875aam a2200277a 44500008003900000017001600039041000800055041000800063080001500071100003300086245005900119245002900178245003200207260001700239260002100256260006800277260000900345300001800354490005100372500004900423500001200472520000800484650002400492700003000516830005100546081204s2005 cat aV-4755-2005 acat bspa a342.4(038) aMartínez i Dalmau, Rubén aVocabulari de dret constitucional: Català/castellà cLino València i Montes cRubén Martínez i Dalmau a[València] bFacultat de Dret bUniversitat de València. Servei de Política Lingüística c2005 a28 p.c21 cm. aVocabularis Universitaris Bàsics. Dret; v12 aCategoria gramatical, sinònims, remissions aÍndex a334 adret constitucional aValència i Montes, Lino aVocabularis Universitaris Bàsics. Dret; v12